Financial management (minor1)/ (Record no. 11947)

MARC details
000 -LEADER
fixed length control field 00581nam a22001937a 4500
005 - DATE AND TIME OF LATEST TRANSACTION
control field 20240913060622.0
008 - FIXED-LENGTH DATA ELEMENTS--GENERAL INFORMATION
fixed length control field 240913b |||||||| |||| 00| 0 eng d
040 ## - CATALOGING SOURCE
Original cataloging agency IN-DiNC
Transcribing agency IN-DiNC
041 ## - LANGUAGE CODE
Language code of sung or spoken text English
082 ## - DEWEY DECIMAL CLASSIFICATION NUMBER
Classification number 658.15
Item number GUP
100 ## - MAIN ENTRY--PERSONAL NAME
Personal name Gupta, Shashi K
Relator term Author
245 ## - TITLE STATEMENT
Title Financial management (minor1)/
Statement of responsibility, etc. by Shashi K Gupta, RK Sharma and Neeti Gupta
250 ## - EDITION STATEMENT
Edition statement 1st ed.
260 ## - PUBLICATION, DISTRIBUTION, ETC.
Place of publication, distribution, etc. Ludhiana:
Name of publisher, distributor, etc. Kalyani publishers,
Date of publication, distribution, etc. 2023.
650 ## - SUBJECT ADDED ENTRY--TOPICAL TERM
Topical term or geographic name entry element Various aspects of financial management
700 ## - ADDED ENTRY--PERSONAL NAME
Personal name Sharma, RK
Relator term Author
700 ## - ADDED ENTRY--PERSONAL NAME
Personal name Gupta, Neeti
Relator term Author
942 ## - ADDED ENTRY ELEMENTS (KOHA)
Source of classification or shelving scheme Dewey Decimal Classification
Koha item type Books
Holdings
Withdrawn status Lost status Source of classification or shelving scheme Damaged status Not for loan Collection code Home library Current library Shelving location Date acquired Cost, normal purchase price Total Checkouts Full call number Barcode Date last seen Date last checked out Copy number Price effective from Koha item type Date due
    Dewey Decimal Classification     Commerce Central Library, Naharkatiya College Central Library, Naharkatiya College General Stacks 13/09/2024 225.00 4 658.15 GUP 30354 11/06/2025 19/05/2025 1 13/09/2024 Books  
    Dewey Decimal Classification     Commerce Central Library, Naharkatiya College Central Library, Naharkatiya College General Stacks 13/09/2024 225.00 1 658.15 GUP 30355 17/11/2025 22/10/2025 2 13/09/2024 Books  
    Dewey Decimal Classification     Commerce Central Library, Naharkatiya College Central Library, Naharkatiya College General Stacks 13/09/2024 225.00 10 658.15 GUP 30356 20/02/2026 20/02/2026 3 13/09/2024 Books 11/03/2026

Naharkatiya College © 2020. All rights reserved.

Powered By